Role of quantitative genetics in the improvement of crop yields by controlled breeding (Record no. 67204)

MARC details
000 -LEADER
fixed length control field 00451nam a2200145Ia 4500
100 ## - MAIN ENTRY--AUTHOR NAME
Personal name Jayasekera N E M
245 #0 - TITLE STATEMENT
Title Role of quantitative genetics in the improvement of crop yields by controlled breeding
260 ## - PUBLICATION, DISTRIBUTION, ETC. (IMPRINT)
Name of publisher Rubber Research Institute of Sri Lanka Bulletin
Year of publication 1985
300 ## - PHYSICAL DESCRIPTION
Number of Pages 39-42
650 ## - SUBJECT ADDED ENTRY--TOPICAL TERM
Topical Term Controlled breeding
650 ## - SUBJECT ADDED ENTRY--TOPICAL TERM
Topical Term Quantitative genetics
650 ## - SUBJECT ADDED ENTRY--TOPICAL TERM
Topical Term Yield
942 ## - ADDED ENTRY ELEMENTS (KOHA)
Koha item type Journals
Holdings
Withdrawn status Lost status Damaged status Not for loan Home library Current library Shelving location Date acquired Serial Enumeration / chronology Koha item type
      Journals RRII Library RRII Library Biotechnology 17/12/2021 Volume 20, Issue Journals